<?xml version="1.0" encoding="UTF-8"?><?xml-stylesheet type="text/xsl" href="static/style.xsl"?><OAI-PMH xmlns="http://www.openarchives.org/OAI/2.0/" xmlns:xsi="http://www.w3.org/2001/XMLSchema-instance" xsi:schemaLocation="http://www.openarchives.org/OAI/2.0/ http://www.openarchives.org/OAI/2.0/OAI-PMH.xsd"><responseDate>2026-06-01T04:38:48Z</responseDate><request verb="GetRecord" identifier="oai:riuma.uma.es:10630/17589" metadataPrefix="marc">https://riuma.uma.es/rest/oai/request</request><GetRecord><record><header><identifier>oai:riuma.uma.es:10630/17589</identifier><datestamp>2026-02-03T10:22:29Z</datestamp><setSpec>com_10630_1685</setSpec><setSpec>col_10630_38055</setSpec></header><metadata><record xmlns="http://www.loc.gov/MARC21/slim" xmlns:dcterms="http://purl.org/dc/terms/" xmlns:doc="http://www.lyncode.com/xoai" xmlns:xsi="http://www.w3.org/2001/XMLSchema-instance" xsi:schemaLocation="http://www.loc.gov/MARC21/slim http://www.loc.gov/standards/marcxml/schema/MARC21slim.xsd">
   <leader>00925njm 22002777a 4500</leader>
   <datafield ind2=" " ind1=" " tag="042">
      <subfield code="a">dc</subfield>
   </datafield>
   <datafield ind2=" " ind1=" " tag="720">
      <subfield code="a">Chrouh, Houda</subfield>
      <subfield code="e">author</subfield>
   </datafield>
   <datafield ind2=" " ind1=" " tag="260">
      <subfield code="c">2019-04-30</subfield>
   </datafield>
   <datafield ind2=" " ind1=" " tag="520">
      <subfield code="a">En este trabajo se ha creado una base de conocimiento sobre la fiabilidad industrial, tanto a nivel nacional como a nivel internacional. Para la obtención de la información, me he dirigido a la AEC (Asociación Española de la calidad),&#xd;
Scopus (una de las grandes bases de datos documentales internacionales y multidisciplinares), bases de datos del CSIC (Consejo Superior de Investigaciones Científicas) y Espacenet (Base de datos de patentes), para la gestión y estudio de los datos he usado el gestor “Analyze Scopus”, el programa Bibliometrix y la Clasificación Internacional de Patentes (CIT). Y por último, los gestores de referencias bibliográficas Mendeley y Zotero para la gestión de la bibliografía y la publicación de la base de datos.</subfield>
   </datafield>
   <datafield ind1="8" ind2=" " tag="024">
      <subfield code="a">https://hdl.handle.net/10630/17589</subfield>
   </datafield>
   <datafield tag="653" ind2=" " ind1=" ">
      <subfield code="a">Fiabilidad (Ingeniería)</subfield>
   </datafield>
   <datafield tag="653" ind2=" " ind1=" ">
      <subfield code="a">Ingeniería - Trabajos Fin de Grado</subfield>
   </datafield>
   <datafield ind2="0" ind1="0" tag="245">
      <subfield code="a">Creación de una base de conocimiento sobre fiabilidad industrial de utilidad profesional y académica</subfield>
   </datafield>
</record>
</metadata></record></GetRecord></OAI-PMH>